Theoretical and Experimental Studies on Non-Fourier Heat Conduction Based on Thermomass Theory

This book mainly focuses on the theoretical and experimental study of non-Fourier heat conduction behavior. A novel thermomass theory is used as the theoretical basis, which provides a general heat conduction equation for the accurate prediction of non-Fourier heat conduction. In order to prove the...

Πλήρης περιγραφή

Λεπτομέρειες βιβλιογραφικής εγγραφής
Κύριος συγγραφέας: Wang, Hai-Dong (Συγγραφέας)
Συγγραφή απο Οργανισμό/Αρχή: SpringerLink (Online service)
Μορφή: Ηλεκτρονική πηγή Ηλ. βιβλίο
Γλώσσα:English
Έκδοση: Berlin, Heidelberg : Springer Berlin Heidelberg : Imprint: Springer, 2014.
Σειρά:Springer Theses, Recognizing Outstanding Ph.D. Research,
Θέματα:
Διαθέσιμο Online:Full Text via HEAL-Link
LEADER 03379nam a22005775i 4500
001 978-3-642-53977-0
003 DE-He213
005 20151204181244.0
007 cr nn 008mamaa
008 140207s2014 gw | s |||| 0|eng d
020 |a 9783642539770  |9 978-3-642-53977-0 
024 7 |a 10.1007/978-3-642-53977-0  |2 doi 
040 |d GrThAP 
050 4 |a QC310.15-319 
072 7 |a PHH  |2 bicssc 
072 7 |a SCI065000  |2 bisacsh 
082 0 4 |a 536.7  |2 23 
100 1 |a Wang, Hai-Dong.  |e author. 
245 1 0 |a Theoretical and Experimental Studies on Non-Fourier Heat Conduction Based on Thermomass Theory  |h [electronic resource] /  |c by Hai-Dong Wang. 
264 1 |a Berlin, Heidelberg :  |b Springer Berlin Heidelberg :  |b Imprint: Springer,  |c 2014. 
300 |a XIV, 112 p. 93 illus., 25 illus. in color.  |b online resource. 
336 |a text  |b txt  |2 rdacontent 
337 |a computer  |b c  |2 rdamedia 
338 |a online resource  |b cr  |2 rdacarrier 
347 |a text file  |b PDF  |2 rda 
490 1 |a Springer Theses, Recognizing Outstanding Ph.D. Research,  |x 2190-5053 
505 0 |a Introduction -- Thermomass theory for non-Fourier heat conduction -- Experimental investigation of thermal wave and temperature wave -- Experimental proof of steady-state non-Fourier heat conduction -- Conclusions. 
520 |a This book mainly focuses on the theoretical and experimental study of non-Fourier heat conduction behavior. A novel thermomass theory is used as the theoretical basis, which provides a general heat conduction equation for the accurate prediction of non-Fourier heat conduction. In order to prove the validity of this thermomass theory, a large current was used to heat the metallic nanofilm at the minimum temperature of 3 K. The measured average temperature of the nanofilm was notably higher than the prediction of Fourier’s heat diffusion equation, while matching well with the general heat conduction equation. This is the first time that steady non-Fourier heat conduction has been observed. Moreover, this book concerns the role of electron-phonon interaction in metallic nanofilms, which involves the breakdown of the Wiedemann-Franz law at low temperatures and interfacial thermal resistance at femtosecond timescales. Readers will find useful information on non-Fourier heat conduction and the latest advances in the study of charge and heat transport in metallic nanofilms. 
650 0 |a Physics. 
650 0 |a Thermodynamics. 
650 0 |a Surfaces (Physics). 
650 0 |a Interfaces (Physical sciences). 
650 0 |a Thin films. 
650 0 |a Heat engineering. 
650 0 |a Heat transfer. 
650 0 |a Mass transfer. 
650 0 |a Materials science. 
650 0 |a Materials  |x Surfaces. 
650 1 4 |a Physics. 
650 2 4 |a Thermodynamics. 
650 2 4 |a Engineering Thermodynamics, Heat and Mass Transfer. 
650 2 4 |a Characterization and Evaluation of Materials. 
650 2 4 |a Surface and Interface Science, Thin Films. 
650 2 4 |a Surfaces and Interfaces, Thin Films. 
710 2 |a SpringerLink (Online service) 
773 0 |t Springer eBooks 
776 0 8 |i Printed edition:  |z 9783642539763 
830 0 |a Springer Theses, Recognizing Outstanding Ph.D. Research,  |x 2190-5053 
856 4 0 |u http://dx.doi.org/10.1007/978-3-642-53977-0  |z Full Text via HEAL-Link 
912 |a ZDB-2-PHA 
950 |a Physics and Astronomy (Springer-11651)